Krajná pravica - extrémna, radikálna či populistická?
Teoretické prístupy ku skúmaniu krajnej pravice. Historický, socioekonomický, politologický a ideologický prístup. Terminológia krajnej pravice. Pravicový extrémizmus a extrémna pravica. Pravicový radikalizmus a radikálna pravica. Pravicový populizmus. Extrémna, radikálna či populistická pravica - ú...
Saved in:
| Main Author: | |
|---|---|
| Format: | Book Chapter |
| Language: | Slovak |
| Subjects: | |
| Tags: |
No Tags, Be the first to tag this record!
|
MARC
| LEADER | 00000nla a2200000 4500 | ||
|---|---|---|---|
| 001 | 0236324 | ||
| 005 | 20240502073825.6 | ||
| 041 | 0 | |a slo | |
| 044 | |a SK | ||
| 245 | 1 | 0 | |a Krajná pravica - extrémna, radikálna či populistická? |c Marianna Dudášová |
| 520 | |a Teoretické prístupy ku skúmaniu krajnej pravice. Historický, socioekonomický, politologický a ideologický prístup. Terminológia krajnej pravice. Pravicový extrémizmus a extrémna pravica. Pravicový radikalizmus a radikálna pravica. Pravicový populizmus. Extrémna, radikálna či populistická pravica - úskalia výberu vhodného terminologického aparátu. | ||
| 610 | 2 | 0 | |a strany politické |
| 610 | 2 | 0 | |a politika |
| 610 | 2 | 0 | |a extrémizmus |
| 610 | 2 | 0 | |a nacionalizmus |
| 610 | 2 | 0 | |a fašizmus |
| 610 | 2 | 0 | |a terminológia |
| 610 | 2 | 0 | |a ideológia |
| 100 | 1 | |a Dudášová, Marianna | |